000 00729nam a2200289Ia 4500
005 20260324120108.0
008 008 260324s9999 xx 000 0 eng d
020 _a9781003447689
037 _aEBOOK
040 _aCRL
040 _beng
040 _cCRL
041 _2eng
041 _aeng
084 _qCRL
100 _aRena Seltzer; Frances Rosenbluth
_91157216
245 4 _aThe Coach's Guide for Women Professors
245 0 _bWho Want a Successful Career and a Well-Balanced Life
260 _bTaylor and Francis
260 _c2015
365 _a
365 _b230
856 _uhttp://www.taylorfrancis.com/books/9781003447689
942 _cEBOOK
999 _c1748546
_d1748546